01561cac a22003371a 4500999001700000003000900017005001700026007000300043008004100046020001500087020001800102040004300120082002400163100004400187245014000231250002100371264005200392300004000444336002600484337002800510338002700538520027800565590001500843650005300858650004100911653002300952655001700975700004500992942002701037952015901064 c11313d11313EG-ScBUE20191202124132.0ta090415s2000 enka f 000 0 eng d a0521774705 a9780521774703 aEG-ScBUEbengerdacEG-ScBUEdEG-ScBUE04a808.06665 bJON2221 aJones, Leo, eauthor.9373510aNew international business English :bcommunication skills in English for business purposes : workbook /cLeo Jones, Richard Alexander. aUpdated edition. 1aCambridge :bCambridge University Press,c2000. a144 pages :billustrations ;c28 cm 2rdacontentatextbtxt 2rdamediaaunmediatedbn 2rdacarrieravolumebnc aNew International Business English is a thoroughly revised new edition of the highly successful course International Business English. The key features of the new edition are: - bright,open design at large format - shorter, more manageable units - a new unit on Negotiating aeman kamel 7aEnglish languagexBusiness English.2BUEsh93736 7aBusiness communication.2BUEsh93738 bHHUUEENNcJuly2019 vReading book aAlexander, Richardd1959-eauthor.93739 cBBk808.06665 JON2ddc 00102ddc40708ILBaMAINbMAINc2NDd2009-04-15epurchaseg42.00h43868l5m6o808.06665 JONp000015906r2025-07-15 00:00:00s2021-02-27w2009-04-15yBB